Systém vysokoškolského vzdělávání účetních ve Francii.

Systém vysokoškolského štúdia účtovníctva vo Francúzsku od r. 1927. Štyri etapy klasického spôsobu štúdia: Absolvovanie prípravného kurzu, získanie diplomu o absolvovaní vysokoškolského štúdia a diplomu 1. cyklu, získanie diplomu o absolvovaní vysokoškolského štúdia a diplomu účtovného znalca v obla...

Ausführliche Beschreibung

Gespeichert in:
Bibliographische Detailangaben
1. Verfasser: Janda, A.
Format: Buchkapitel
Sprache:Tschechisch
Schlagworte:
Tags: Tag hinzufügen
Keine Tags, Fügen Sie das erste Tag hinzu!

MARC

LEADER 00000naa a2200000 4500
001 r004297
005 20221125081500.9
041 0 |a cze 
044 |a [CS] 
245 1 0 |a Systém vysokoškolského vzdělávání účetních ve Francii.  |c A. Janda 
520 |a Systém vysokoškolského štúdia účtovníctva vo Francúzsku od r. 1927. Štyri etapy klasického spôsobu štúdia: Absolvovanie prípravného kurzu, získanie diplomu o absolvovaní vysokoškolského štúdia a diplomu 1. cyklu, získanie diplomu o absolvovaní vysokoškolského štúdia a diplomu účtovného znalca v oblasti účtovníctva a financovania. Základné predmety a skúšky štúdia. 
610 2 0 |a účtovníci 
610 2 0 |a vzdelanie 
610 2 0 |a štúdium vysokoškolské 
610 2 0 |a Francúzsko 
100 1 |a Janda, A.